000 00256nam a22001097a 4500
082 _a684.08 GIB'W
100 _aGIBBIE, S. W
_958138
245 _aWOOD FINISHING AND REFINISHING
260 _aNEWYORK
_bD. VAN NOSTRAND
_c1954
300 _a255P
942 _cBK
999 _c568351
_d568351